[Event "ODJM B 2016"]
[Site "Willingen GER"]
[Date "2016.05.17"]
[Round "5"]
[White "Klühs, Isabel"]
[Black "Reuter, Marek"]
[Result "1-0"]
[Termination "normal"]
[Board "38"]
[WhiteElo "919"]
[BlackElo "1152"]
[PlyCount "109"]
[WhiteFideId "16228944"]
[BlackFideId "16226712"]
[EventCountry "GER"]
[EventRounds "9"]
[EventType "swiss"]
[EventDate "2016.05.14"]

1. d4 d5 2. Nf3 e6 3. e3 f5 4. Bd3 Bd6 5. Nbd2 Nd7 6. O-O Ngf6 7. c4 c6 8. b3
O-O 9. Bb2 Ne4 10. Ne5 g5 11. c5 Bc7 12. f4 g4 13. g3 Qf6 14. b4 Qh6 15. Re1
Qh5 16. Kg2 Qh3+ 17. Kg1 Rf6 18. Bf1 Qh5 19. Bg2 Rh6 20. Nf1 Ndf6 21. a3 b6 22.
Nxc6 Ba6 23. Re2 Bxe2 24. Qxe2 Qe8 25. Ne5 Nd7 26. c6 Nb8 27. b5 a6 28. a4 Rf6
29. Rc1 axb5 30. axb5 Ra2 31. Rc2 h5 32. Qd3 Bxe5 33. fxe5 Rh6 34. c7 Qc8 35.
cxb8=Q Qxb8 36. Qb3 Ra7 37. Rc6 h4 38. Bxe4 fxe4 39. Qc2 Kf7 40. Qf2+ Kg7 41.
gxh4 Rf7 42. Qg2 Rxh4 43. Rxe6 Rf3 44. Ng3 Kf7 45. Rf6+ Rxf6 46. exf6 Kxf6 47.
Qf2+ Kg5 48. Qf5+ Kh6 49. Qf6+ Kh7 50. Qxh4+ Kg7 51. Qg5+ Kh7 52. Nf5 Qc7 53.
Qh6+ Kg8 54. Ba3 Qf7 55. Ne7+ 1-0

[Event "ODJM B 2016"]
[Site "Willingen GER"]
[Date "2016.05.17"]
[Round "5"]
[White "Schranz, Patrick"]
[Black "Gehrke, Korbinian"]
[Result "1-0"]
[Termination "normal"]
[Board "40"]
[WhiteElo "1493"]
[BlackElo "1234"]
[PlyCount "115"]
[WhiteFideId "12987298"]
[BlackFideId "12993913"]
[EventCountry "GER"]
[EventRounds "9"]
[EventType "swiss"]
[EventDate "2016.05.14"]

1. d4 d5 2. c4 e6 3. Nc3 Nf6 4. Bf4 Bb4 5. e3 Ne4 6. Qc2 Nd6 7. a3 Bxc3+ 8.
Qxc3 Ne4 9. Qc2 O-O 10. cxd5 Qxd5 11. Bd3 f5 12. f3 Nd6 13. Qxc7 Nb5 14. Bxb5
Qxb5 15. Be5 Nd7 16. Qc3 b6 17. a4 Qd5 18. Ne2 Nxe5 19. dxe5 Ba6 20. Nf4 Qd7
21. Rd1 Qb7 22. Nxe6 Rfe8 23. Nc7 Rac8 24. Qb3+ Kh8 25. Nxe8 Rxe8 26. Qd5 Qe7
27. Qd6 Qxd6 28. Rxd6 h6 29. f4 Rc8 30. Kf2 Re8 31. a5 Rb8 32. Ra1 Bc4 33. axb6
axb6 34. e6 Re8 35. Rxb6 Bxe6 36. b4 Bd7 37. Ra7 Be6 38. Rbb7 Rg8 39. b5 Bd5
40. Rc7 Rb8 41. Rxg7 Rxb5 42. Rgd7 Rb2+ 43. Kg3 Rxg2+ 44. Kh3 Rd2 45. Rd8+ Bg8
46. Rxd2 h5 47. Rd8 h4 48. Rxg8+ Kxg8 49. Kxh4 Kf8 50. Kg5 Ke8 51. Kf6 Kd8 52.
Ke6 Kc8 53. Kd6 Kb8 54. Rf7 Ka8 55. Kc6 Kb8 56. Re7 Ka8 57. Kb6 Kb8 58. Re8#
1-0

[Event "ODJM B 2016"]
[Site "Willingen GER"]
[Date "2016.05.17"]
[Round "5"]
[White "Wagner, Victoria"]
[Black "Burdot, Louis"]
[Result "1/2-1/2"]
[Termination "normal"]
[Board "41"]
[WhiteElo "1395"]
[BlackElo "1214"]
[PlyCount "111"]
[WhiteFideId "16232348"]
[BlackFideId "4004760"]
[EventCountry "GER"]
[EventRounds "9"]
[EventType "swiss"]
[EventDate "2016.05.14"]

1. e4 e5 2. Nf3 Nf6 3. Nxe5 d6 4. Nf3 Nxe4 5. Qe2 Qe7 6. d3 Nf6 7. Qxe7+ Bxe7
8. Nc3 a6 9. Be2 Nc6 10. Be3 Nb4 11. Rc1 c5 12. a3 Nc6 13. d4 cxd4 14. Nxd4 d5
15. Rd1 O-O 16. Bf3 Rd8 17. O-O Nxd4 18. Bxd4 Bf5 19. Bxf6 Bxf6 20. Nxd5 Bg5
21. Ne3 Bxe3 22. fxe3 Rxd1 23. Rxd1 h6 24. Bxb7 Rb8 25. Bxa6 Rxb2 26. Rd8+ Kh7
27. Bd3 Bxd3 28. cxd3 Rb3 29. Kf2 Rxa3 30. Kf3 Kg6 31. Kg4 f5+ 32. Kf4 Ra5 33.
d4 Kf7 34. Rd7+ Kf6 35. e4 fxe4 36. Kxe4 Rg5 37. g3 Ke6 38. Rb7 Rg4+ 39. Kf3
Rxd4 40. Rxg7 Kf6 41. Rg4 Rxg4 42. Kxg4 Kg6 43. Kh4 h5 44. h3 Kh6 45. g4 hxg4
46. hxg4 Kg6 47. g5 Kg7 48. Kh5 Kh7 49. g6+ Kg7 50. Kg5 Kg8 51. Kf6 Kf8 52. Kg5
Kg7 53. Kh5 Kg8 54. Kh6 Kh8 55. g7+ Kg8 56. Kg6 1/2-1/2

[Event "ODJM B 2016"]
[Site "Willingen GER"]
[Date "2016.05.17"]
[Round "5"]
[White "Bilek, Thomas"]
[Black "Chalabi, Tom"]
[Result "1/2-1/2"]
[Termination "normal"]
[Board "42"]
[WhiteElo "1192"]
[BlackElo "1365"]
[PlyCount "103"]
[WhiteFideId "12994707"]
[BlackFideId "4003012"]
[EventCountry "GER"]
[EventRounds "9"]
[EventType "swiss"]
[EventDate "2016.05.14"]

1. d4 d5 2. Nc3 Nc6 3. Bf4 Bf5 4. Qd2 e6 5. f3 Nf6 6. a3 a6 7. O-O-O Bd6 8. h4
Nh5 9. Bxd6 Qxd6 10. g4 Ng3 11. Rh3 Nxf1 12. Rxf1 e5 13. dxe5 Qxe5 14. gxf5
Qxf5 15. Qxd5 Qxd5 16. Nxd5 O-O-O 17. Nc3 Rde8 18. Rd1 Re6 19. f4 Rhe8 20. Nf3
h6 21. Nd4 Nxd4 22. Rxd4 c6 23. f5 Rf6 24. Rg3 g6 25. fxg6 fxg6 26. Ne4 Rf1+
27. Kd2 Rg8 28. Rd6 Rf4 29. Nc3 Rxh4 30. Rgxg6 Rh8 31. e4 h5 32. e5 Re8 33. e6
Kc7 34. Rd7+ Kc8 35. Kd3 Rg4 36. Rh6 h4 37. Ne4 Rxe6 38. Rxe6 Kxd7 39. Nf6+
Kxe6 40. Nxg4 Kf5 41. Nf2 Kf4 42. Ke2 b6 43. c4 b5 44. c5 a5 45. Nd3+ Kg3 46.
Ke3 h3 47. b3 h2 48. Nf2 Kg2 49. Ke2 Kg1 50. Kf3 Kf1 51. Kg3 Kg1 52. Kf3
1/2-1/2

[Event "ODJM B 2016"]
[Site "Willingen GER"]
[Date "2016.05.17"]
[Round "5"]
[White "Maul, Maik"]
[Black "Schirrmeister, Laura"]
[Result "0-1"]
[Termination "normal"]
[Board "43"]
[WhiteElo "1354"]
[BlackElo "1351"]
[PlyCount "58"]
[WhiteFideId "16204816"]
[BlackFideId "24694967"]
[EventCountry "GER"]
[EventRounds "9"]
[EventType "swiss"]
[EventDate "2016.05.14"]

1. d4 f5 2. Nc3 Nf6 3. f3 e6 4. e4 fxe4 5. fxe4 d5 6. exd5 exd5 7. Bd3 Be7 8.
Nf3 O-O 9. Bf4 c5 10. dxc5 Bxc5 11. Bg5 Qe8+ 12. Be2 b6 13. Bxf6 Rxf6 14. Qxd5+
Rf7 15. Qxa8 Bb7 16. Qxa7 Bc6 17. Qxf7+ Qxf7 18. Rf1 Qe7 19. Rd1 Bxf3 20. Rxf3
Nc6 21. Nd5 Qh4+ 22. g3 Qxh2 23. Bc4 Qg1+ 24. Ke2 Qg2+ 25. Ke1 Qxf3 26. Nc7+
Kh8 27. Rd2 Qxg3+ 28. Kd1 Qxc7 29. Bd5 g6 0-1

[Event "ODJM B 2016"]
[Site "Willingen GER"]
[Date "2016.05.17"]
[Round "5"]
[White "Gehrke, Jakob"]
[Black "Ibrahim, Eva"]
[Result "1-0"]
[Termination "normal"]
[Board "45"]
[WhiteElo "1303"]
[BlackElo "973"]
[PlyCount "79"]
[WhiteFideId "12993905"]
[BlackFideId "12993948"]
[EventCountry "GER"]
[EventRounds "9"]
[EventType "swiss"]
[EventDate "2016.05.14"]

1. e4 c5 2. Nc3 d6 3. Bc4 Nf6 4. d3 g6 5. Nf3 Bg7 6. Be3 O-O 7. Qd2 Nc6 8. h3
Be6 9. Bxe6 fxe6 10. Ng5 e5 11. Ne6 Qd7 12. Nxf8 Rxf8 13. f3 Nd4 14. Bxd4 cxd4
15. Ne2 Nh5 16. O-O-O b6 17. Rdf1 Nf4 18. Nxf4 Bh6 19. g3 exf4 20. g4 a5 21. h4
a4 22. Qb4 b5 23. Qxd4 Bg7 24. Qd5+ Kh8 25. g5 h5 26. gxh6 Bxh6 27. e5 Rc8 28.
Rh2 b4 29. Qd4 b3 30. e6+ Bg7 31. exd7 Rd8 32. Qa7 bxa2 33. Qxa4 Bf6 34. Qxa2
Rxd7 35. Qf7 Ra7 36. Kd2 Ra8 37. Rg1 Rg8 38. Rxg6 Rxg6 39. Qxg6 Bg7 40. Rg2 1-0

[Event "ODJM B 2016"]
[Site "Willingen GER"]
[Date "2016.05.17"]
[Round "5"]
[White "Bardorz, Stefan"]
[Black "Voltmer, Victor"]
[Result "0-1"]
[Termination "normal"]
[Board "46"]
[WhiteElo "1283"]
[BlackElo "1028"]
[PlyCount "48"]
[WhiteFideId "16245474"]
[EventCountry "GER"]
[EventRounds "9"]
[EventType "swiss"]
[EventDate "2016.05.14"]

1. e4 e5 2. Nf3 Nc6 3. d4 exd4 4. Nxd4 Bc5 5. Be3 Qf6 6. c3 Nge7 7. Bc4 O-O 8.
O-O Rd8 9. Bxf7+ Kxf7 10. Qh5+ Kg8 11. Qxc5 d5 12. Nxc6 bxc6 13. exd5 Nxd5 14.
Bd4 Qg6 15. Kh1 Nf4 16. g3 Bh3 17. Re1 Re8 18. Qc4+ Kh8 19. Nd2 Nd3 20. Rxe8+
Rxe8 21. Rb1 Nxb2 22. Rxb2 Re1+ 23. Qf1 Qe4+ 24. Kg1 Qg2# 0-1

[Event "ODJM B 2016"]
[Site "Willingen GER"]
[Date "2016.05.17"]
[Round "5"]
[White "Rempe, Janne"]
[Black "Brunner, Alexander"]
[Result "0-1"]
[Termination "normal"]
[Board "47"]
[WhiteElo "948"]
[BlackElo "1246"]
[PlyCount "46"]
[WhiteFideId "16202392"]
[BlackFideId "12965278"]
[EventCountry "GER"]
[EventRounds "9"]
[EventType "swiss"]
[EventDate "2016.05.14"]

1. e4 d5 2. exd5 Qxd5 3. Nc3 Qa5 4. Bc4 Nf6 5. Nf3 Bg4 6. O-O Nc6 7. d4 O-O-O
8. Qd3 Bxf3 9. Qxf3 Nxd4 10. Qh3+ e6 11. Be3 Bc5 12. Rfd1 Nxc2 13. Rxd8+ Rxd8
14. Rc1 Bxe3 15. Rxc2 Bd2 16. Qg3 Bxc3 17. bxc3 Rd1+ 18. Bf1 Qa4 19. Re2 Qb5
20. Qxg7 Qxe2 21. Qf8+ Kd7 22. Qxf7+ Kc6 23. h3 Rxf1+ 0-1

[Event "ODJM B 2016"]
[Site "Willingen GER"]
[Date "2016.05.17"]
[Round "5"]
[White "Kobald, Pierre"]
[Black "Reiser, Silas"]
[Result "1-0"]
[Termination "normal"]
[Board "48"]
[WhiteElo "1241"]
[BlackElo "926"]
[PlyCount "35"]
[WhiteFideId "12983659"]
[EventCountry "GER"]
[EventRounds "9"]
[EventType "swiss"]
[EventDate "2016.05.14"]

1. e4 d5 2. exd5 Qxd5 3. Nc3 Qd8 4. Nf3 Nf6 5. Bc4 Bg4 6. O-O e6 7. d3 Nc6 8.
Be3 Ne5 9. Kh1 Nxf3 10. gxf3 Bh3 11. Rg1 Bd6 12. Ne4 Nxe4 13. fxe4 Qf6 14. Qh5
Qxb2 15. Bb3 Qf6 16. Qxh3 Qe5 17. Rab1 O-O-O 18. Rg5 1-0

[Event "ODJM B 2016"]
[Site "Willingen GER"]
[Date "2016.05.17"]
[Round "5"]
[White "Zwecker, Simon"]
[Black "von der Weyden, Louis"]
[Result "0-1"]
[Termination "normal"]
[Board "49"]
[WhiteElo "916"]
[BlackElo "1387"]
[PlyCount "100"]
[WhiteFideId "16257677"]
[BlackFideId "16207050"]
[EventCountry "GER"]
[EventRounds "9"]
[EventType "swiss"]
[EventDate "2016.05.14"]

1. e4 e5 2. Nf3 Nf6 3. Nc3 Nc6 4. Bc4 Bc5 5. O-O O-O 6. d3 d6 7. Bg5 Bg4 8.
Bxf6 Qxf6 9. Nd5 Qd8 10. h3 Bh5 11. g4 Bg6 12. h4 Qd7 13. Ng5 h6 14. h5 Bxh5
15. gxh5 hxg5 16. Kh2 Nd4 17. Rg1 c6 18. Ne3 b5 19. Bb3 Nxb3 20. axb3 Bxe3 21.
fxe3 f6 22. d4 Qe7 23. Ra6 Qb7 24. Qa1 Qc7 25. Qa2 exd4 26. exd4 d5+ 27. Kh1
dxe4 28. b4+ Kh8 29. d5 cxd5 30. Qxd5 Qxc2 31. Re6 Qd3 32. Qf5 Qf3+ 33. Qxf3
exf3 34. Rf1 g4 35. Kh2 Rad8 36. Kg3 f5 37. h6 gxh6 38. Rh1 Kg7 39. Rhxh6 Kf7
40. Rhf6+ Kg7 41. Rg6+ Kf7 42. Rgf6+ Kg8 43. Rg6+ Kh7 44. Kh4 Rd7 45. Rh6+ Kg8
46. Rhg6+ Rg7 47. Kg5 Rff7 48. Kh6 Rxg6+ 49. Kxg6 Kf8 50. Re1 f2 0-1

[Event "ODJM B 2016"]
[Site "Willingen GER"]
[Date "2016.05.17"]
[Round "5"]
[White "Funke, Maximilian"]
[Black "Ibrahim, Luisa"]
[Result "1/2-1/2"]
[Termination "normal"]
[Board "50"]
[WhiteElo "1190"]
[BlackElo "916"]
[PlyCount "104"]
[WhiteFideId "16251989"]
[BlackFideId "12993930"]
[EventCountry "GER"]
[EventRounds "9"]
[EventType "swiss"]
[EventDate "2016.05.14"]

1. e4 c5 2. Nf3 d6 3. d4 cxd4 4. Nxd4 Nf6 5. Nc3 g6 6. Bc4 Bg7 7. h3 O-O 8. O-O
Nc6 9. Nde2 Be6 10. Bxe6 fxe6 11. f4 Qa5 12. Be3 Nh5 13. Qe1 Qb4 14. Rb1 e5 15.
Kh1 Bh6 16. Qh4 Qc4 17. Rbe1 Nd4 18. Bxd4 exd4 19. b3 Qe6 20. Nxd4 Qf6 21. Qxf6
Rxf6 22. Nd5 Ng3+ 23. Kg1 Nxf1 24. Nxf6+ exf6 25. Rxf1 Re8 26. Nb5 Rxe4 27.
Nxd6 Rxf4 28. Rxf4 Bxf4 29. Nxb7 Kf7 30. Kf2 Ke6 31. Kf3 Ke5 32. Nc5 Bh6 33. c4
f5 34. Ke2 f4 35. Kd3 g5 36. a3 Kf5 37. Ne4 g4 38. Nf2 gxh3 39. Nxh3 Kg4 40. c5
Bf8 41. c6 Bd6 42. Ke4 a6 43. Kd5 Bc7 44. Ke4 h5 45. b4 h4 46. a4 Kg3 47. b5 a5
48. b6 Bxb6 49. Nxf4 Kg4 50. Ng6 Kg5 51. Nxh4 Kxh4 52. Kf5 Kg3 1/2-1/2

[Event "ODJM B 2016"]
[Site "Willingen GER"]
[Date "2016.05.17"]
[Round "5"]
[White "Beyer, Lorenz"]
[Black "Fuhrmann, Elias"]
[Result "1-0"]
[Termination "normal"]
[Board "51"]
[WhiteElo "1169"]
[BlackElo "909"]
[PlyCount "69"]
[WhiteFideId "16245393"]
[BlackFideId "36098353"]
[EventCountry "GER"]
[EventRounds "9"]
[EventType "swiss"]
[EventDate "2016.05.14"]

1. e4 c5 2. c3 Nf6 3. e5 Ne4 4. d3 Nc6 5. dxe4 Nxe5 6. Nf3 Nc6 7. Bb5 Qc7 8.
Bc4 d6 9. Ng5 e6 10. Bf4 Be7 11. Qh5 Bxg5 12. Qxg5 O-O 13. O-O a6 14. a3 b5 15.
Be2 c4 16. Qg3 e5 17. Bh6 f6 18. Be3 Bb7 19. Nd2 Rad8 20. Rad1 d5 21. Bc5 Rf7
22. exd5 Rxd5 23. Ne4 Rxd1 24. Rxd1 a5 25. Nd2 a4 26. Nf3 Rd7 27. Rxd7 Qxd7 28.
Qh4 Qf5 29. Ne1 Qb1 30. f3 Qxb2 31. Qh3 g6 32. Qe6+ Kg7 33. Qd7+ Kh6 34. Be3+
Kh5 35. Qxh7# 1-0

[Event "ODJM B 2016"]
[Site "Willingen GER"]
[Date "2016.05.17"]
[Round "5"]
[White "Trams, Emma Joe"]
[Black "Kail, Oliver"]
[Result "1-0"]
[Termination "normal"]
[Board "52"]
[WhiteElo "1360"]
[BlackElo "915"]
[PlyCount "145"]
[WhiteFideId "16206517"]
[BlackFideId "16228820"]
[EventCountry "GER"]
[EventRounds "9"]
[EventType "swiss"]
[EventDate "2016.05.14"]

1. e4 e5 2. Nf3 Nc6 3. Bb5 d6 4. d3 a6 5. Ba4 Bg4 6. h3 Bxf3 7. Qxf3 Qd7 8. Nc3
Nf6 9. Bg5 Be7 10. O-O b5 11. Bb3 Nd4 12. Qe3 c6 13. Ne2 Nxe2+ 14. Qxe2 d5 15.
exd5 cxd5 16. Qxe5 O-O 17. Bxf6 Bxf6 18. Qxd5 Qxd5 19. Bxd5 Ra7 20. c3 a5 21.
Rab1 b4 22. c4 Re8 23. Rfe1 Rxe1+ 24. Rxe1 g6 25. b3 a4 26. Rd1 axb3 27. axb3
Ra2 28. d4 Rb2 29. c5 Be7 30. Bc4 Kg7 31. d5 Bxc5 32. d6 Rxf2 33. Kh1 Bxd6 34.
Rxd6 h5 35. Rb6 f5 36. Rxb4 g5 37. Rb7+ Kf6 38. Rf7+ Ke5 39. Rh7 h4 40. Rg7 Kf4
41. Kg1 Rb2 42. Rf7 g4 43. hxg4 Kxg4 44. Be6 Kg3 45. Rg7+ Kf4 46. Kh2 Ke5 47.
Bc4 f4 48. Rg5+ Kf6 49. Rg4 f3 50. Kh3 Rb1 51. Rf4+ Kg5 52. Rg4+ Kh5 53. Rxh4+
Kg5 54. Rg4+ Kh5 55. gxf3 Rc1 56. b4 Rc3 57. Kg3 Kh6 58. b5 Kh5 59. b6 Rc1 60.
b7 Rb1 61. Bd5 Rb5 62. Rg8 Rxd5 63. b8=Q Rg5+ 64. Rxg5+ Kxg5 65. Qf4+ Kg6 66.
Qe5 Kf7 67. Qd6 Kg7 68. Qe6 Kh7 69. Qg4 Kh6 70. Kf4 Kh7 71. Kf5 Kh8 72. Kf6 Kh7
73. Qg7# 1-0

[Event "ODJM B 2016"]
[Site "Willingen GER"]
[Date "2016.05.17"]
[Round "5"]
[White "Semukhin, Sophia"]
[Black "Nagel, Philipp"]
[Result "1-0"]
[Termination "normal"]
[Board "53"]
[WhiteElo "1087"]
[BlackElo "873"]
[PlyCount "23"]
[BlackFideId "12994715"]
[EventCountry "GER"]
[EventRounds "9"]
[EventType "swiss"]
[EventDate "2016.05.14"]

1. e4 d5 2. exd5 Qxd5 3. Nc3 Qa5 4. d4 Nf6 5. Bd2 Qb6 6. Nf3 Bg4 7. Be3 Nc6 8.
Bb5 Qa5 9. O-O e6 10. a3 a6 11. b4 Qb6 12. d5 1-0

[Event "ODJM B 2016"]
[Site "Willingen GER"]
[Date "2016.05.17"]
[Round "5"]
[White "Ott, Linda"]
[Black "Zeng, Jiakang-Felix"]
[Result "1-0"]
[Termination "normal"]
[Board "54"]
[WhiteElo "1057"]
[BlackElo "800"]
[PlyCount "77"]
[WhiteFideId "12992453"]
[EventCountry "GER"]
[EventRounds "9"]
[EventType "swiss"]
[EventDate "2016.05.14"]

1. e4 e5 2. Nf3 Nc6 3. Bb5 Bc5 4. O-O Nf6 5. d3 O-O 6. Re1 a6 7. Ba4 d6 8. c3
b5 9. Bb3 h6 10. Nbd2 Bg4 11. h3 Bh5 12. Nf1 Re8 13. Ng3 a5 14. Nf5 Bxf3 15.
Qxf3 a4 16. Bc2 b4 17. Qg3 g6 18. Nxh6+ Kg7 19. Nf5+ Kf8 20. Bh6+ Kg8 21. b3
Kh7 22. Qg5 Rg8 23. Nh4 a3 24. d4 exd4 25. cxd4 Nxd4 26. Bd3 Ne6 27. Qd2 g5 28.
e5+ Ne4 29. Bxe4+ Kxh6 30. g4 Ra5 31. Nf5+ Kh7 32. h4 dxe5 33. Qc1 f6 34. Kg2
Kh8 35. Rh1 Nf8 36. hxg5+ Nh7 37. Rxh7+ Kxh7 38. Qh1+ Kg6 39. Qh5# 1-0

[Event "ODJM B 2016"]
[Site "Willingen GER"]
[Date "2016.05.17"]
[Round "5"]
[White "Wilmink, Luca"]
[Black "Reyher, Bastian"]
[Result "1-0"]
[Termination "normal"]
[Board "55"]
[WhiteElo "817"]
[BlackElo "1064"]
[PlyCount "95"]
[WhiteFideId "16245253"]
[BlackFideId "12927465"]
[EventCountry "GER"]
[EventRounds "9"]
[EventType "swiss"]
[EventDate "2016.05.14"]

1. e4 c5 2. d4 cxd4 3. Qxd4 Nc6 4. Qd1 g6 5. Nf3 Bg7 6. Nc3 Nf6 7. Bb5 a6 8.
Bxc6 bxc6 9. Bf4 Bb7 10. O-O O-O 11. h3 d5 12. exd5 Nxd5 13. Nxd5 cxd5 14. Be5
Bxe5 15. Nxe5 d4 16. Ng4 Qd5 17. f3 Kg7 18. Qd2 g5 19. b3 Rac8 20. c4 dxc3 21.
Qc2 Rc5 22. Rfe1 e6 23. Rad1 Rd8 24. Rxd5 Rdxd5 25. Re3 Rd2 26. Qc1 Rcd5 27.
Qxc3+ Kg8 28. Nf6+ Kf8 29. Nxd5 Rxd5 30. Qh8+ Ke7 31. Qxh7 Rd1+ 32. Kf2 Rd2+
33. Re2 Rd5 34. g3 Kf6 35. h4 Rf5 36. hxg5+ Rxg5 37. f4 Rf5 38. Qh8+ Kg6 39.
Re5 Bd5 40. Rxf5 exf5 41. Qd8 Be6 42. Qg5+ Kh7 43. Qd8 Kg6 44. Qb6 Kh5 45. Qxa6
Kg4 46. Kg2 Bd5+ 47. Kh2 Be6 48. Qe2# 1-0

[Event "ODJM B 2016"]
[Site "Willingen GER"]
[Date "2016.05.17"]
[Round "5"]
[White "Altgelt, Helene"]
[Black "Klonov, Sofia"]
[Result "1-0"]
[Termination "normal"]
[Board "56"]
[WhiteElo "817"]
[BlackElo "866"]
[PlyCount "91"]
[WhiteFideId "16232020"]
[BlackFideId "16226240"]
[EventCountry "GER"]
[EventRounds "9"]
[EventType "swiss"]
[EventDate "2016.05.14"]

1. e4 c5 2. Nf3 Nc6 3. d4 cxd4 4. Nxd4 g6 5. Nc3 Bg7 6. Nxc6 bxc6 7. Bc4 Nf6 8.
Bg5 h6 9. Bxf6 Bxf6 10. O-O O-O 11. Re1 e6 12. e5 Bg7 13. Qd6 Bb7 14. b4 Rc8
15. Re3 c5 16. bxc5 Qg5 17. Rg3 Qf5 18. Re1 Qxc2 19. Qxd7 Bc6 20. Qxa7 Rb8 21.
f3 Qf2+ 22. Kxf2 Ra8 23. Qb6 Bd7 24. f4 Rab8 25. Qa7 Bc6 26. a4 Rb2+ 27. Re2
Rb4 28. Bb5 Bxb5 29. axb5 Rxf4+ 30. Rf3 Rd4 31. c6 Rfd8 32. c7 Rc8 33. Qxd4
Rxc7 34. Qd8+ Kh7 35. Qxc7 Kh8 36. b6 Kg8 37. Qc8+ Bf8 38. b7 Kg7 39. b8=Q g5
40. Qxf8+ Kg6 41. Rf6+ Kh5 42. Qxf7+ Kh4 43. Qxe6 g4 44. Re4 Kg5 45. Qbg8+ Kh5
46. Qexg4# 1-0

[Event "ODJM B 2016"]
[Site "Willingen GER"]
[Date "2016.05.17"]
[Round "5"]
[White "Ibrahim, Ben"]
[Black "Bakalarz, Adrian"]
[Result "0-1"]
[Termination "normal"]
[Board "57"]
[WhiteElo "834"]
[BlackElo "865"]
[PlyCount "46"]
[WhiteFideId "12993921"]
[BlackFideId "12955809"]
[EventCountry "GER"]
[EventRounds "9"]
[EventType "swiss"]
[EventDate "2016.05.14"]

1. e4 d5 2. exd5 c6 3. dxc6 Nxc6 4. Bc4 e5 5. Nf3 Nf6 6. Ng5 Be6 7. Bxe6 fxe6
8. Nxe6 Qe7 9. Ng5 O-O-O 10. O-O h6 11. Nf3 Qf7 12. Nc3 e4 13. Nh4 g5 14. Nf5
h5 15. d3 h4 16. dxe4 Rxd1 17. Nd6+ Rxd6 18. Re1 Re6 19. Nb5 Nxe4 20. Be3 g4
21. Bd4 Nxd4 22. Nxd4 Qxf2+ 23. Kh1 Qxd4 0-1

[Event "ODJM B 2016"]
[Site "Willingen GER"]
[Date "2016.05.19"]
[Round "7"]
[White "Fromm, Marius"]
[Black "Oberhofer, Marie"]
[Result "1/2-1/2"]
[Termination "normal"]
[Board "2"]
[WhiteElo "1596"]
[BlackElo "1601"]
[PlyCount "83"]
[WhiteFideId "12993190"]
[BlackFideId "12938165"]
[EventCountry "GER"]
[EventRounds "9"]
[EventType "swiss"]
[EventDate "2016.05.14"]

1. Nf3 c5 2. c4 Nc6 3. g3 g6 4. Bg2 Bg7 5. Nc3 e6 6. O-O Nge7 7. d3 O-O 8. Bg5
d6 9. Qd2 a6 10. Rab1 Qc7 11. a3 Nf5 12. Qd1 Bd7 13. Ne4 f6 14. Bd2 Nfd4 15.
Nxd4 Nxd4 16. b4 Rab8 17. bxc5 dxc5 18. Nc3 Bc6 19. Bf4 e5 20. Nd5 Qd6 21. Bd2
b5 22. e3 Nf5 23. Ba5 Rfc8 24. Qc2 Ne7 25. Nxe7+ Qxe7 26. Bxc6 Rxc6 27. Rb3
Rcc8 28. Rfb1 Qd7 29. Qb2 f5 30. Bc3 Qxd3 31. cxb5 Rxb5 32. Rxb5 axb5 33. Qa2+
Kf8 34. Rc1 Qd7 35. Qb2 Re8 36. Rb1 Qd3 37. Qb3 Rd8 38. Rb2 Qd1+ 39. Qxd1 Rxd1+
40. Kg2 Rd3 41. Ba5 Rxa3 42. Rxb5 1/2-1/2

[Event "ODJM B 2016"]
[Site "Willingen GER"]
[Date "2016.05.19"]
[Round "7"]
[White "Arnold, Leander"]
[Black "Caliebe, Nanke"]
[Result "1-0"]
[Termination "normal"]
[Board "3"]
[WhiteElo "1618"]
[BlackElo "1478"]
[PlyCount "59"]
[WhiteFideId "12990230"]
[BlackFideId "12980528"]
[EventCountry "GER"]
[EventRounds "9"]
[EventType "swiss"]
[EventDate "2016.05.14"]

1. d4 d5 2. e3 Bf5 3. Nf3 Nf6 4. Bd3 Bxd3 5. cxd3 e6 6. Qb3 b6 7. Ne5 Bd6 8.
Nc3 O-O 9. Nf3 Be7 10. O-O c5 11. Ne2 Nbd7 12. Qd1 Rc8 13. Bd2 Rc7 14. Rc1 Qb8
15. Ng3 Qb7 16. Bc3 Rfc8 17. Qd2 Qa6 18. dxc5 Nxc5 19. Be5 Rc6 20. Nd4 Nxd3 21.
Nxc6 Rxc6 22. Rxc6 Bb4 23. Qc2 Nxe5 24. Rc8+ Bf8 25. Rc3 Qxa2 26. Ne2 Ne4 27.
Rc8 Nc4 28. Nc3 Nxc3 29. Qxc3 Qxb2 30. Rxc4 1-0

[Event "ODJM B 2016"]
[Site "Willingen GER"]
[Date "2016.05.19"]
[Round "7"]
[White "Straßburg, Robin Leonard"]
[Black "Fuhrmann, Philipp"]
[Result "1/2-1/2"]
[Termination "normal"]
[Board "4"]
[WhiteElo "1819"]
[BlackElo "1459"]
[PlyCount "104"]
[WhiteFideId "16210018"]
[BlackFideId "16227557"]
[EventCountry "GER"]
[EventRounds "9"]
[EventType "swiss"]
[EventDate "2016.05.14"]

1. d4 Nf6 2. c4 e6 3. Nf3 b6 4. e3 Bb7 5. Nbd2 c5 6. b3 Nc6 7. Bb2 Qc7 8. a3 d6
9. Bd3 Be7 10. Qc2 h6 11. O-O Rg8 12. e4 cxd4 13. Nxd4 Nxd4 14. Bxd4 e5 15.
Rfd1 exd4 16. Nf3 g6 17. Nxd4 a6 18. Ne2 Nd7 19. f4 Nc5 20. Ng3 Bf6 21. Rac1
Be7 22. Bf1 Qc6 23. Re1 Bh4 24. e5 O-O-O 25. b4 Bxg3 26. hxg3 Ne6 27. Qb2 Kb8
28. b5 axb5 29. cxb5 Qe8 30. a4 dxe5 31. Qxe5+ Ka8 32. Qa1 Qd7 33. Red1 Qe7 34.
a5 Kb8 35. axb6 Ba8 36. Qe5+ Kb7 37. Rc7+ Qxc7 38. bxc7 Rxd1 39. Qc3 Rd6 40.
Be2 Nxc7 41. Bf3+ Kb8 42. Qc5 Rgd8 43. Bxa8 Nxa8 44. Qe5 Kb7 45. Qe7+ R8d7 46.
Qe4+ Rd5 47. Qc4 R7d6 48. Qe4 Kb6 49. Qe8 Nc7 50. Qb8+ Kc5 51. Qxc7+ Kxb5 52.
Qb7+ Kc5 1/2-1/2

[Event "ODJM B 2016"]
[Site "Willingen GER"]
[Date "2016.05.19"]
[Round "7"]
[White "Rapp, Lukas"]
[Black "Rachor, Felix"]
[Result "1-0"]
[Termination "normal"]
[Board "5"]
[WhiteElo "1572"]
[BlackElo "1580"]
[PlyCount "61"]
[WhiteFideId "12989320"]
[BlackFideId "16200209"]
[EventCountry "GER"]
[EventRounds "9"]
[EventType "swiss"]
[EventDate "2016.05.14"]

1. e4 c5 2. Nf3 d6 3. d4 cxd4 4. Nxd4 Nf6 5. Nc3 a6 6. f3 e6 7. Nb3 Be7 8. Be3
b5 9. Qd2 Bb7 10. O-O-O O-O 11. g4 Nc6 12. g5 Nh5 13. Ne2 g6 14. Ng3 Ng7 15. h4
Ne5 16. Be2 f5 17. Na5 Qc7 18. f4 Nc4 19. Bxc4 bxc4 20. Nxb7 Qxb7 21. exf5 Nxf5
22. Nxf5 Rxf5 23. h5 Rb5 24. Bd4 e5 25. Bc3 exf4 26. hxg6 Bxg5 27. gxh7+ Kf7
28. h8=Q Rxh8 29. Rxh8 f3 30. Rh7+ Ke6 31. Qxg5 1-0

[Event "ODJM B 2016"]
[Site "Willingen GER"]
[Date "2016.05.19"]
[Round "7"]
[White "Haase, Dominik"]
[Black "Zwecker, Conrad"]
[Result "0-1"]
[Termination "normal"]
[Board "6"]
[WhiteElo "1468"]
[BlackElo "1430"]
[PlyCount "82"]
[WhiteFideId "16208781"]
[BlackFideId "12971391"]
[EventCountry "GER"]
[EventRounds "9"]
[EventType "swiss"]
[EventDate "2016.05.14"]

1. d4 Nf6 2. c4 g6 3. Nc3 Bg7 4. e4 d6 5. f3 O-O 6. Be3 Nbd7 7. Bd3 c5 8. Nge2
b6 9. Qd2 cxd4 10. Nxd4 Ne5 11. O-O Ba6 12. b3 Rc8 13. Be2 Re8 14. a4 Rc7 15.
Ndb5 Bxb5 16. Nxb5 Rb7 17. a5 Nfd7 18. a6 Rc7 19. Nxc7 Qxc7 20. Qd5 Nc6 21. Ra4
Nc5 22. Bxc5 bxc5 23. Rb1 Bd4+ 24. Kh1 e5 25. Rd1 Rb8 26. Rxd4 Nxd4 27. Bd1 Kf8
28. h3 Qe7 29. Kh2 Qf6 30. Ra2 Ke7 31. g3 Nxf3+ 32. Bxf3 Qxf3 33. Qc6 Qxb3 34.
Qc7+ Ke6 35. Rg2 Qb6 36. Qxb6 Rxb6 37. Ra2 f5 38. Kg2 fxe4 39. Ra3 Kd7 40. Kf2
Kc6 41. Ke3 Rb4 0-1